National Thought an\d the Colonial World: (Record no. 199293)

MARC details
000 -LEADER
fixed length control field 00657nam a2200193 4500
005 - DATE AND TIME OF LATEST TRANSACTION
control field 20231130103929.0
010 ## - LCCN (DPL NO)
LC control number ENG-138488
020 ## - INTERNATIONAL STANDARD BOOK NUMBER
International Standard Book Number 9788178246710
Terms of availability 395.00
035 ## - SYSTEM CONTROL NUMBER
System control number EN-122020
037 ## - SOURCE OF ACQUISITION
Source of stock number/acquisition DBAD/PUB
082 ## - DEWEY DECIMAL CLASSIFICATION NUMBER
Classification number 320.954
Edition number First
100 ## - MAIN ENTRY--PERSONAL NAME
Personal name Chatterjee, Partha
245 ## - TITLE STATEMENT
Title National Thought an\d the Colonial World:
Remainder of title A Derivative Discourse?/
Statement of responsibility, etc By Partha Chatterjee
250 ## - EDITION STATEMENT
Edition statement First
260 ## - PUBLICATION, DISTRIBUTION, ETC. (IMPRINT)
Place of publication, distribution, etc Ranikhet
Name of publisher, distributor, etc Made Easy Publications
Date of publication, distribution, etc November 2023
270 ## - ADDRESS
Address Himalayana, Mall Road, Ranikhet Cantt
City Ranikhet
Postal code 263645
Electronic mail address perblack@gmail.com
300 ## - PHYSICAL DESCRIPTION
Extent 181p.
Dimensions 21cm(pbk)
942 ## - ADDED ENTRY ELEMENTS (KOHA)
Source of classification or shelving scheme Dewey Decimal Classification
Item type English Books
Classification part 320.954
Call number suffix CHA
Holdings
Withdrawn status Lost status Not for loan Collection code Home library Current library Date acquired Source of acquisition Cost, normal purchase price Full call number Barcode Copy number Cost, replacement price Koha item type
      Non-fiction Vinoba Puri Vinoba Puri 30/11/2023 DBAD/PUB 395.00 320.954 CHA EN-122020 1 395.00 English Books

© Delhi Public Library
Hit Counter
free hit counter